[Event "Wch U20 41st"]
[Site "Goa"]
[Date "2002.12.19"]
[Round "12"]
[White "Byomakesh, Nayak"]
[Black "Singh, Rishipal S"]
[Result "0-1"]
[WhiteElo "2136"]
[BlackElo "2252"]
[PlyCount "134"]
[EventDate "2002.12.09"]
[EventType "swiss"]
[EventRounds "13"]
[EventCountry "IND"]
[SourceTitle "CBM 091 Extra"]
[Source "ChessBase"]
[SourceDate "2003.01.09"]
[SourceVersion "1"]
[SourceVersionDate "2003.01.09"]
[SourceQuality "1"]

1. d4 f5 2. e4 fxe4 3. Nc3 Nf6 4. Bg5 Nc6 5. d5 Ne5 6. Qd4 Nf7 7. Bxf6 exf6 8. 0-0-0 f5 9. f3 Bd6 10. fxe4 Be5 11. Qd3 f4 12. Nf3 0-0 13. Be2 d6 14. Rdg1 Qe7 15. Nd4 Bd7 16. g3 Qf6 17. Ne6 Bxe6 18. dxe6 Qxe6 19. gxf4 Bxf4+ 20. Kb1 Ne5 21. Qd5 Qxd5 22. exd5 a6 23. Rf1 Be3 24. Nd1 Bb6 25. c4 Bd4 26. Kc2 c6 27. dxc6 bxc6 28. Nc3 Bxc3 29. Kxc3 Rxf1 30. Rxf1 c5 31. Rd1 Rd8 32. Rf1 g6 33. a3 a5 34. b4 axb4+ 35. axb4 cxb4+ 36. Kxb4 Kg7 37. Kc3 Ra8 38. Kb3 Nd7 39. Rd1 Nc5+ 40. Kb2 Ra6 41. Rf1 h6 42. Rf3 Rb6+ 43. Kc2 Na4 44. Kc1 g5 45. h3 Rc6 46. Kd2 Nb6 47. Rc3 Nd7 48. Bf3 Rc5 49. Bd5 Nb6 50. Be6 Kf6 51. Bg8 Rc8 52. Rd3 Ke5 53. Bf7 Nxc4+ 54. Ke2 Rc5 55. Kf3 d5 56. Bg8 d4 57. Kg4 Ne3+ 58. Kh5 Rc3 59. Rd2 Nf5 60. Rh2 d3 61. Bh7 Rc2 62. Rh1 Ng3+ 63. Kxh6 Nxh1 64. Bxd3 Rc3 65. Bf1 Kf4 66. Bg2 Nf2 67. Kh5 Nxh3 0-1